Theory of cryptography : (Record no. 22836)
[ view plain ]
| 000 -LEADER | |
|---|---|
| fixed length control field | 01044cam a22002775a 4500 |
| 001 - CONTROL NUMBER | |
| control field | 17598977 |
| 005 - DATE AND TIME OF LATEST TRANSACTION | |
| control field | 20161025110125.0 |
| 008 - FIXED-LENGTH DATA ELEMENTS--GENERAL INFORMATION | |
| fixed length control field | 130123t2013 gw frb 101 0 eng d |
| 020 ## - INTERNATIONAL STANDARD BOOK NUMBER | |
| International Standard Book Number | 9783642365935 |
| 040 ## - CATALOGING SOURCE | |
| Original cataloging agency | HUA |
| Language of cataloging | eng |
| Transcribing agency | HUA |
| Modifying agency | OCLCO |
| -- | BTCTA |
| -- | OHX |
| -- | DLC |
| -- | EG-ScBUE |
| 082 04 - DEWEY DECIMAL CLASSIFICATION NUMBER | |
| Classification number | 005.82 |
| Item number | THO |
| Edition number | 22 |
| 111 2# - MAIN ENTRY--MEETING NAME | |
| Meeting name or jurisdiction name as entry element | Theory of Cryptography Conference |
| Number of part/section/meeting | (10th : |
| Date of meeting | 2013 : |
| Location of meeting | Tokyo, Japan) |
| 245 10 - TITLE STATEMENT | |
| Title | Theory of cryptography : |
| Remainder of title | 10th Theory of Cryptography Conference, TCC 2013, Tokyo, Japan, March 3-6, 2013 : proceedings / |
| Statement of responsibility, etc | [editor] Amit Sahai. |
| 260 ## - PUBLICATION, DISTRIBUTION, ETC. (IMPRINT) | |
| Place of publication, distribution, etc | Heidelberg : |
| Name of publisher, distributor, etc | Springer, |
| Date of publication, distribution, etc | c.2013. |
| 300 ## - PHYSICAL DESCRIPTION | |
| Extent | xi, 724 p. ; |
| Dimensions | 24 cm. |
| 490 0# - Series Statement | |
| Series statement | Lecture notes in computer science, |
| International Standard Serial Number | 0302-9743 ; |
| Volume/sequential designation | 7785 |
| 500 ## - GENERAL NOTE | |
| General note | International conference proceedings. |
| 500 ## - GENERAL NOTE | |
| General note | Index : p. 723-724. |
| 504 ## - BIBLIOGRAPHY, ETC. NOTE | |
| Bibliography, etc | Includes bibliographical references. |
| 650 #0 - SUBJECT ADDED ENTRY--TOPICAL TERM | |
| Topical term or geographic name as entry element | Data encryption (Computer science) |
| Form subdivision | Congresses. |
| Source of heading or term | BUEsh |
| 651 ## - SUBJECT ADDED ENTRY--GEOGRAPHIC NAME | |
| Source of heading or term | BUEsh |
| 653 ## - INDEX TERM--UNCONTROLLED | |
| Resource For college | Informatics and Computer Science |
| Arrived date list | October2016 |
| 700 1# - ADDED ENTRY--PERSONAL NAME | |
| Personal name | Sahai, Amit, |
| Relator term | editor. |
| 942 ## - ADDED ENTRY ELEMENTS (KOHA) | |
| Source of classification or shelving scheme | Dewey Decimal Classification |
| Withdrawn status | Item status | Source of classification or shelving scheme | Damaged status | Not for loan | Vendor | Home library | Current library | Shelving location | Date acquired | Source of acquisition | Cost, normal purchase price | Serial Enumeration / chronology | Total Checkouts | Full call number | Barcode | Date last seen | Cost, replacement price | Koha item type |
|---|---|---|---|---|---|---|---|---|---|---|---|---|---|---|---|---|---|---|
| Dewey Decimal Classification | Academic Bookshop | Central Library | Central Library | Lower Floor | 24/10/2016 | Purchase | 870.00 | 9128 | 005.82 THO | 000034516 | 15/07/2025 | 1087.50 | Book - Borrowing |